[Event "4NCL/Div1/HKF1 vs. BAR1"]
[Site "Birmingham ENG"]
[Date "2007.11.11"]
[Round "4.3"]
[White "Greet, Andrew N"]
[Black "Knott, Simon"]
[Result "1-0"]
[WhiteElo "2441"]
[BlackElo "2366"]
[PlyCount "87"]
[EventDate "2007.11.11"]
[EventType "team"]
[EventRounds "11"]
[EventCountry "ENG"]
[SourceDate "2007.09.15"]

1. e4 e6 2. d4 d5 3. Nc3 Nf6 4. e5 Nfd7 5. f4 c5 6. Nf3 Nc6 7. Be3 Qb6 8. Na4
Qa5+ 9. c3 c4 10. b4 Nxb4 11. cxb4 Bxb4+ 12. Kf2 b5 13. Nb2 Ba3 14. Qc2 Nb6 15.
g4 b4 16. f5 exf5 17. gxf5 Bxb2 18. Qxb2 Bxf5 19. Rg1 g6 20. Bh6 Qa4 21. Ng5
Rc8 22. Rg3 Rc7 23. Bh3 Qc2+ 24. Qxc2 Bxc2 25. Rc1 Ba4 26. Bg4 a5 27. Rh3 b3
28. axb3 cxb3 29. Rxb3 Rxc1 30. Rxb6 Rc2+ 31. Ke1 Bd7 32. Rb8+ Ke7 33. Rxh8
Bxg4 34. Rxh7 Be6 35. Bg7 a4 36. Bf6+ Kd7 37. Nxf7 a3 38. Ng5+ Kc8 39. Nxe6 a2
40. Ra7 Rc1+ 41. Kf2 a1=Q 42. Rxa1 Rxa1 43. Nf4 Ra2+ 44. Kg3 1-0

[Event "4NCL/Div1/HKF1 vs. BAR1"]
[Site "Birmingham ENG"]
[Date "2007.11.11"]
[Round "4.4"]
[White "Devereaux, Maxim"]
[Black "Trent, Lawrence"]
[Result "1/2-1/2"]
[WhiteElo "2350"]
[BlackElo "2460"]
[PlyCount "84"]
[EventDate "2007.11.11"]
[EventType "team"]
[EventRounds "11"]
[EventCountry "ENG"]
[SourceDate "2007.09.15"]

1. e4 e5 2. Nf3 Nc6 3. Bc4 Nf6 4. d3 Be7 5. O-O O-O 6. Bb3 d6 7. c3 Kh8 8. Re1
Ng8 9. d4 Bg4 10. d5 Nb8 11. h3 Bxf3 12. Qxf3 Bg5 13. Nd2 Nh6 14. Bc2 g6 15.
Qd1 Nd7 16. Nf3 Bxc1 17. Qxc1 Kg7 18. Qd2 a5 19. b4 Nb6 20. a3 Qe7 21. Bb3 Ra7
22. c4 Nd7 23. Rac1 b6 24. Ba4 axb4 25. Bxd7 Qxd7 26. axb4 Rfa8 27. c5 Ra2 28.
Qe3 R8a3 29. Rc3 Rxc3 30. Qxc3 bxc5 31. bxc5 Qa4 32. cxd6 cxd6 33. Qc7 Qc2 34.
Qxc2 Rxc2 35. Ng5 Ng8 36. Ra1 h6 37. Nf3 Nf6 38. Ne1 Re2 39. f3 Nh5 40. Nd3 Rd2
41. Ra3 Ng3 42. Kh2 Nf1+ 1/2-1/2

[Event "4NCL/Div1/HKF1 vs. BAR1"]
[Site "Birmingham ENG"]
[Date "2007.11.11"]
[Round "4.5"]
[White "Hanley, Craig A"]
[Black "Collins, Sam"]
[Result "1-0"]
[WhiteElo "2436"]
[BlackElo "2401"]
[PlyCount "53"]
[EventDate "2007.11.11"]
[EventType "team"]
[EventRounds "11"]
[EventCountry "ENG"]
[SourceDate "2007.09.15"]

1. e4 e5 2. Nf3 Nf6 3. Nxe5 d6 4. Nf3 Nxe4 5. c4 Be7 6. Nc3 Nxc3 7. bxc3 O-O 8.
d4 Re8 9. Be2 Bg4 10. O-O c5 11. h3 Bh5 12. Rb1 b6 13. Bd3 Bg6 14. Bxg6 hxg6
15. Re1 Nc6 16. Bf4 Bf8 17. Qa4 Na5 18. Bg5 Qc8 19. d5 f6 20. Bf4 g5 21. Bg3
Kf7 22. Nd2 f5 23. Nf3 Kg6 24. h4 gxh4 25. Nxh4+ Kf6 26. Qc2 Qd7 27. Re6+ 1-0

[Event "4NCL/Div1/HKF1 vs. BAR1"]
[Site "Birmingham ENG"]
[Date "2007.11.11"]
[Round "4.7"]
[White "Burrows, Martin P"]
[Black "Ferguson, Mark"]
[Result "0-1"]
[WhiteElo "2204"]
[BlackElo "2413"]
[PlyCount "46"]
[EventDate "2007.11.11"]
[EventType "team"]
[EventRounds "11"]
[EventCountry "ENG"]
[SourceDate "2007.09.15"]

1. e4 e5 2. Nf3 Nf6 3. d4 Nxe4 4. Bd3 d5 5. Nxe5 Nd7 6. Nxd7 Bxd7 7. O-O Bd6 8.
Qh5 Qf6 9. Qxd5 Bc6 10. Bb5 O-O-O 11. Bxc6 Bxh2+ 12. Kxh2 Rxd5 13. Bxd5 Qd6+
14. Kg1 Qxd5 15. c3 Re8 16. Nd2 Nxd2 17. Bxd2 Re2 18. Rad1 Qxa2 19. Bc1 Qd5 20.
Rd3 Qe4 21. Re3 Rxe3 22. Bxe3 h5 23. Ra1 a6 0-1

[Event "4NCL/Div1/HKF1 vs. BAR1"]
[Site "Birmingham ENG"]
[Date "2007.11.11"]
[Round "4.8"]
[White "Regan, Natasha"]
[Black "Tavoularis, Nicholas"]
[Result "1-0"]
[WhiteElo "2183"]
[BlackElo "2246"]
[PlyCount "68"]
[EventDate "2007.11.11"]
[EventType "team"]
[EventRounds "11"]
[EventCountry "ENG"]
[SourceDate "2007.09.15"]

1. e4 c5 2. d4 cxd4 3. c3 dxc3 4. Nxc3 Nc6 5. Nf3 d6 6. Bc4 a6 7. O-O Nf6 8.
Qe2 Bg4 9. Rd1 Bxf3 10. gxf3 Qc8 11. Bf4 g5 12. Bg3 h5 13. e5 dxe5 14. Rac1 Bg7
15. Bxe5 Qf5 16. Bxf6 Bxf6 17. Ne4 Be5 18. Bd5 Rh6 19. Rc5 Kf8 20. Bxc6 Rd6 21.
Bxb7 Rxd1+ 22. Qxd1 Rb8 23. Qd5 f6 24. Ng3 Qb1+ 25. Nf1 Bxh2+ 26. Kg2 Bd6 27.
Rc8+ Rxc8 28. Bxc8 Qxb2 29. Bxa6 h4 30. Bc4 Kg7 31. Qf7+ Kh6 32. Bd3 h3+ 33.
Kxh3 g4+ 34. fxg4 f5 1-0

[Event "4NCL/Div1/GUI2 vs. RIC"]
[Site "Birmingham ENG"]
[Date "2007.11.11"]
[Round "4.1"]
[White "Flear, Glenn C"]
[Black "Gormally, Daniel W"]
[Result "1/2-1/2"]
[WhiteElo "2493"]
[BlackElo "2484"]
[PlyCount "83"]
[EventDate "2007.11.11"]
[EventType "team"]
[EventRounds "11"]
[EventCountry "ENG"]
[SourceDate "2007.09.15"]

1. d4 Nf6 2. c4 e6 3. Nc3 Bb4 4. Qc2 c5 5. dxc5 Qa5 6. Bd2 Na6 7. a3 Nxc5 8.
Rc1 Bxc3 9. Bxc3 Qa4 10. b4 Qxc2 11. Rxc2 Na4 12. Ba1 d6 13. e3 a5 14. Nf3 axb4
15. axb4 Nb6 16. Bd4 Nbd7 17. c5 dxc5 18. bxc5 O-O 19. Be2 Nb8 20. O-O Nc6 21.
Bxf6 gxf6 22. Rd1 Rd8 23. Rcd2 Rxd2 24. Nxd2 Kf8 25. Nc4 e5 26. Nb6 Rb8 27. Bb5
Bg4 28. f3 Be6 29. Bxc6 bxc6 30. Rd6 Rb7 31. Rxc6 f5 32. Kf2 Ra7 33. Rd6 Rc7
34. Kg3 Ke8 35. Na4 Bb3 36. Ra6 Bxa4 37. Rxa4 Rxc5 38. Ra8+ Ke7 39. Rh8 Rc3 40.
Kf2 Rc2+ 41. Kg3 Re2 42. Rxh7 1/2-1/2

[Event "4NCL/Div1/GUI2 vs. RIC"]
[Site "Birmingham ENG"]
[Date "2007.11.11"]
[Round "4.2"]
[White "Bates, Richard A"]
[Black "Kosten, Anthony C"]
[Result "0-1"]
[WhiteElo "2378"]
[BlackElo "2519"]
[PlyCount "108"]
[EventDate "2007.11.11"]
[EventType "team"]
[EventRounds "11"]
[EventCountry "ENG"]
[SourceDate "2007.09.15"]

1. d4 Nf6 2. Nf3 e6 3. c4 Bb4+ 4. Bd2 Bxd2+ 5. Qxd2 O-O 6. Nc3 d5 7. e3 Qe7 8.
Qc2 Rd8 9. O-O-O c5 10. dxc5 Qxc5 11. e4 Nc6 12. e5 Ng4 13. Rd2 Ngxe5 14. Nxe5
Nxe5 15. Qe4 Qc7 16. Qh4 Bd7 17. cxd5 exd5 18. Rxd5 Bf5 19. Rxd8+ Rxd8 20. Be2
Nd3+ 21. Bxd3 Rxd3 22. Qa4 b5 23. Qb4 a5 24. Re1 h6 25. Re8+ Kh7 26. Qxb5 Qf4+
27. Re3 Rxe3 28. fxe3 Qxe3+ 29. Kd1 Qg1+ 30. Kd2 Qxg2+ 31. Qe2 Qg5+ 32. Qe3 Qh4
33. Qe2 Qf4+ 34. Ke1 g5 35. Qd2 Qxd2+ 36. Kxd2 Be6 37. a3 Bb3 38. Ne4 f5 39.
Nc5 Bc4 40. Kc3 Bb5 41. Kd4 Kg6 42. Ke5 a4 43. b3 axb3 44. Nxb3 f4 45. Nc5 Kh5
46. a4 Bc6 47. Nd3 Kg4 48. a5 Kh3 49. Nxf4+ gxf4 50. Kxf4 Bb5 51. Kf5 h5 52.
Kg5 h4 53. Kh5 Ba6 54. Kg5 Be2 0-1

[Event "4NCL/Div1/GUI2 vs. RIC"]
[Site "Birmingham ENG"]
[Date "2007.11.11"]
[Round "4.4"]
[White "Wall, Gavin"]
[Black "Buckley, Graeme"]
[Result "0-1"]
[WhiteElo "2307"]
[BlackElo "2378"]
[PlyCount "120"]
[EventDate "2007.11.11"]
[EventType "team"]
[EventRounds "11"]
[EventCountry "ENG"]
[SourceDate "2007.09.15"]

1. e4 g6 2. d4 Bg7 3. Nc3 d6 4. h4 h5 5. Bg5 a6 6. Qd2 Nd7 7. O-O-O c5 8. Nf3
b5 9. dxc5 Nxc5 10. e5 Be6 11. exd6 Nf6 12. dxe7 Qxe7 13. Nd4 O-O 14. Nxe6 Qxe6
15. Qe3 Nfe4 16. Nd5 Rac8 17. f3 Nxg5 18. hxg5 Qxe3+ 19. Nxe3 Na4 20. c3 b4 21.
Nc2 bxc3 22. b3 Nb2 23. Rd5 Rfd8 24. Ne3 Bd4 25. Rxd8+ Rxd8 26. Nc2 Bg7 27.
Bxa6 Ra8 28. Bb5 Rxa2 29. Re1 Ra5 30. Re8+ Kh7 31. Rb8 Ra7 32. f4 Re7 33. g3 h4
34. gxh4 Re4 35. h5 Rxf4 36. h6 Be5 37. Re8 Rf5 38. Ne3 Bf4 39. Kc2 Bxe3 40.
Rxe3 Rxb5 41. Rxc3 Rxg5 42. Kxb2 f5 43. b4 f4 44. Rc7+ Kxh6 45. Rf7 Rg2+ 46.
Kc3 Kg5 47. b5 Rg1 48. Kc2 Re1 49. b6 Re6 50. b7 Rb6 51. Kd3 Kg4 52. Kc4 g5 53.
Kc5 Rb1 54. Kc6 f3 55. Rf8 Kg3 56. Rf5 Rxb7 57. Kxb7 g4 58. Kc6 f2 59. Kd5 Kg2
60. Ke4 g3 0-1

[Event "4NCL/Div1/GUI2 vs. RIC"]
[Site "Birmingham ENG"]
[Date "2007.11.11"]
[Round "4.6"]
[White "Osborne, Marcus E"]
[Black "Cooksey, Paul S"]
[Result "0-1"]
[WhiteElo "2258"]
[BlackElo "2245"]
[PlyCount "48"]
[EventDate "2007.11.11"]
[EventType "team"]
[EventRounds "11"]
[EventCountry "ENG"]
[SourceDate "2007.09.15"]

1. d4 d5 2. c4 c6 3. Nf3 Nf6 4. Nc3 dxc4 5. a4 Bf5 6. e3 e6 7. Bxc4 Bb4 8. Ne5
Nbd7 9. Qb3 a5 10. f3 Qb6 11. e4 Bg6 12. Nxd7 Nxd7 13. h4 Qxd4 14. h5 Nc5 15.
Qa2 Bxe4 16. fxe4 Nxe4 17. Rf1 Rd8 18. Bf4 Nxc3 19. bxc3 Bxc3+ 20. Ke2 Bxa1 21.
Be3 Qg4+ 22. Rf3 Bd4 23. h6 Qxg2+ 24. Bf2 Bxf2 0-1

[Event "4NCL/Div1/GUI2 vs. RIC"]
[Site "Birmingham ENG"]
[Date "2007.11.11"]
[Round "4.7"]
[White "Thompson, Ian D"]
[Black "Chevannes, Sabrina"]
[Result "1-0"]
[WhiteElo "2309"]
[BlackElo "2073"]
[PlyCount "77"]
[EventDate "2007.11.11"]
[EventType "team"]
[EventRounds "11"]
[EventCountry "ENG"]
[SourceDate "2007.09.15"]

1. c4 e6 2. Nf3 d5 3. e3 Nf6 4. Nc3 c6 5. b3 Be7 6. Bb2 O-O 7. d4 Nbd7 8. Bd3
c5 9. cxd5 exd5 10. O-O Re8 11. Rc1 b6 12. Qe2 Bb7 13. Rfd1 Qb8 14. Bb5 Rd8 15.
dxc5 Bxc5 16. a3 a6 17. Bd3 Bd6 18. h3 Ne5 19. Nxe5 Bxe5 20. Na4 Bxb2 21. Qxb2
Qd6 22. Qd4 Nd7 23. b4 Rac8 24. Bf5 Rxc1 25. Rxc1 b5 26. Bxh7+ Kh8 27. Bf5 Kg8
28. Bxd7 Rxd7 29. Nc5 Rc7 30. Rd1 Ba8 31. e4 a5 32. e5 Qg6 33. Rd3 axb4 34.
axb4 Re7 35. f4 Ra7 36. Kh2 Ra2 37. Rg3 Qf5 38. Rg5 Qc2 39. e6 1-0

[Event "4NCL/Div1/GUI2 vs. RIC"]
[Site "Birmingham ENG"]
[Date "2007.11.11"]
[Round "4.8"]
[White "Allen, Dominic"]
[Black "Sandu, Mihaela"]
[Result "1/2-1/2"]
[WhiteElo "1987"]
[BlackElo "2266"]
[PlyCount "68"]
[EventDate "2007.11.11"]
[EventType "team"]
[EventRounds "11"]
[EventCountry "ENG"]
[SourceDate "2007.09.15"]

1. d4 Nf6 2. Nf3 g6 3. Nc3 d5 4. Bf4 Bg7 5. Qd2 O-O 6. Bh6 c5 7. Bxg7 Kxg7 8.
e3 cxd4 9. exd4 Nc6 10. Ne5 Bf5 11. a3 Qc7 12. Nxc6 bxc6 13. Be2 c5 14. f4 Rab8
15. Rb1 Ne4 16. Nxe4 Bxe4 17. O-O Qb6 18. Rfd1 cxd4 19. Qxd4+ Qxd4+ 20. Rxd4
Bxc2 21. Rc1 Be4 22. b4 Rfc8 23. Rdd1 Rxc1 24. Rxc1 d4 25. Rc7 Rb7 26. Rxb7
Bxb7 27. Kf2 f6 28. Bf3 Ba6 29. a4 Bd3 30. b5 e5 31. Be2 Be4 32. Bf3 Bd3 33.
Be2 Be4 34. Bf3 Bd3 1/2-1/2

[Event "4NCL/Div1/WGR vs. CAMB1"]
[Site "Birmingham ENG"]
[Date "2007.11.11"]
[Round "4.1"]
[White "Cramling, Pia"]
[Black "Mah, Karl C C"]
[Result "1-0"]
[WhiteElo "2531"]
[BlackElo "2410"]
[PlyCount "53"]
[EventDate "2007.11.11"]
[EventType "team"]
[EventRounds "11"]
[EventCountry "ENG"]
[SourceDate "2007.09.15"]

1. d4 d5 2. Nf3 e6 3. c4 c6 4. Qc2 Bd6 5. Bg5 f6 6. Bh4 Ne7 7. e3 Nf5 8. Bg3
Nxg3 9. hxg3 f5 10. Nc3 h6 11. g4 Bb4 12. Bd3 O-O 13. O-O-O Qf6 14. g5 hxg5 15.
g4 Bxc3 16. bxc3 Nd7 17. Rh5 e5 18. Bxf5 e4 19. Nxg5 Re8 20. f4 g6 21. Rh6 Nf8
22. Qh2 Bxf5 23. gxf5 Qxf5 24. Rh1 Rad8 25. Rh8+ Kg7 26. Rh7+ Kg8 27. Rg7+ 1-0

[Event "4NCL/Div1/WGR vs. CAMB1"]
[Site "Birmingham ENG"]
[Date "2007.11.11"]
[Round "4.2"]
[White "Rajlich, Iweta"]
[Black "Turner, Matthew J"]
[Result "1-0"]
[WhiteElo "2411"]
[BlackElo "2484"]
[PlyCount "55"]
[EventDate "2007.11.11"]
[EventType "team"]
[EventRounds "11"]
[EventCountry "ENG"]
[SourceDate "2007.09.15"]

1. d4 Nf6 2. c4 e6 3. Nc3 Bb4 4. Qc2 O-O 5. Nf3 d6 6. g3 Nc6 7. Bg2 e5 8. d5
Ne7 9. O-O Bxc3 10. Qxc3 Ne4 11. Qe1 f5 12. Nh4 g5 13. f3 gxh4 14. fxe4 f4 15.
gxf4 h3 16. Bxh3 Bxh3 17. Qg3+ Ng6 18. Qxh3 exf4 19. Qe6+ Kg7 20. Bd2 Qg5+ 21.
Kh1 Rae8 22. Bc3+ Kh6 23. Qh3+ Qh4 24. Rf3 Rxe4 25. Rg1 Kh5 26. Be1 Qxh3 27.
Rxh3+ Nh4 28. Rxh4# 1-0

[Event "4NCL/Div1/WGR vs. CAMB1"]
[Site "Birmingham ENG"]
[Date "2007.11.11"]
[Round "4.4"]
[White "Pinter, Gabor"]
[Black "Sowray, Peter J"]
[Result "1/2-1/2"]
[WhiteElo "2362"]
[BlackElo "2346"]
[PlyCount "55"]
[EventDate "2007.11.11"]
[EventType "team"]
[EventRounds "11"]
[EventCountry "ENG"]
[SourceDate "2007.09.15"]

1. e4 e5 2. Nf3 Nc6 3. Nc3 Nf6 4. g3 Bb4 5. Bg2 d6 6. O-O Bxc3 7. bxc3 Nxe4 8.
Nxe5 dxe5 9. Bxe4 O-O 10. Re1 Qd6 11. a4 Rd8 12. Qe2 Be6 13. Rb1 Rab8 14. d3
Bd5 15. Bf5 Re8 16. Qg4 Ne7 17. Be4 Bxe4 18. Qxe4 Nd5 19. Bd2 b6 20. Qf5 Rbd8
21. c4 Nf6 22. Bc3 Nd7 23. a5 f6 24. axb6 axb6 25. Rb5 Nf8 26. Bb4 Qc6 27. Bxf8
Rxf8 28. Qe4 1/2-1/2

[Event "4NCL/Div1/WGR vs. CAMB1"]
[Site "Birmingham ENG"]
[Date "2007.11.11"]
[Round "4.5"]
[White "Tiller, Bjorn"]
[Black "Moskovic, David M"]
[Result "1/2-1/2"]
[WhiteElo "2389"]
[BlackElo "2275"]
[PlyCount "82"]
[EventDate "2007.11.11"]
[EventType "team"]
[EventRounds "11"]
[EventCountry "ENG"]
[SourceDate "2007.09.15"]

1. e4 c5 2. Nc3 a6 3. g3 b5 4. Bg2 Bb7 5. d3 Nf6 6. f4 e6 7. Nf3 d6 8. O-O Nc6
9. h3 Be7 10. g4 h6 11. Be3 Qc7 12. f5 exf5 13. exf5 d5 14. d4 O-O-O 15. Qe1
Rhe8 16. Qd2 cxd4 17. Nxd4 Bc5 18. Rad1 Rxe3 19. Qxe3 Qb6 20. Rf4 Re8 21. Qf2
Nxd4 22. Rfxd4 Ne4 23. Nxe4 dxe4 24. Qe3 Qc6 25. c3 f6 26. b4 Bxd4 27. Qxd4 Kb8
28. Re1 Re5 29. a3 Qe8 30. Qd6+ Ka7 31. Rd1 Re7 32. Qc5+ Kb8 33. Rd6 Rd7 34.
Qb6 Rxd6 35. Qxd6+ Ka8 36. Kf1 Qc8 37. Qd4 Qc7 38. Qe3 Qe5 39. Qd4 Qf4+ 40. Kg1
Qc1+ 41. Kh2 Qf4+ 1/2-1/2

[Event "4NCL/Div1/WGR vs. CAMB1"]
[Site "Birmingham ENG"]
[Date "2007.11.11"]
[Round "4.6"]
[White "Eckersley-Waites, Adam"]
[Black "Tan, Desmond"]
[Result "1-0"]
[WhiteElo "2175"]
[BlackElo "2329"]
[PlyCount "65"]
[EventDate "2007.11.11"]
[EventType "team"]
[EventRounds "11"]
[EventCountry "ENG"]
[SourceDate "2007.09.15"]

1. e4 c5 2. Nf3 g6 3. d4 cxd4 4. Nxd4 Nc6 5. c4 d6 6. Nc3 Nxd4 7. Qxd4 Nf6 8.
Bg5 Bg7 9. Be2 O-O 10. O-O Be6 11. Qe3 Qa5 12. a3 Rfc8 13. Nd5 Bxd5 14. exd5
Qc5 15. Qf4 a5 16. b4 axb4 17. axb4 Qb6 18. Rab1 Ra4 19. Qe3 Qxe3 20. Bxe3 Kf8
21. Rfc1 Ra2 22. Bf3 Nd7 23. c5 Ne5 24. c6 b5 25. Be4 e6 26. Bf4 f5 27. Bxe5
Bxe5 28. Bd3 Bd4 29. dxe6 Rxf2 30. Kh1 Be3 31. Re1 Bd2 32. e7+ Ke8 33. c7 1-0

[Event "4NCL/Div1/WGR vs. CAMB1"]
[Site "Birmingham ENG"]
[Date "2007.11.11"]
[Round "4.7"]
[White "Hegarty, Sarah"]
[Black "Robertson, J Stuart"]
[Result "1-0"]
[WhiteElo "1967"]
[BlackElo "2105"]
[PlyCount "74"]
[EventDate "2007.11.11"]
[EventType "team"]
[EventRounds "11"]
[EventCountry "ENG"]
[SourceDate "2007.09.15"]

1. e4 c5 2. Nf3 Nc6 3. d4 cxd4 4. Nxd4 Nf6 5. Nc3 e5 6. Ndb5 d6 7. Bd3 a6 8.
Na3 b5 9. Nd5 Nxd5 10. exd5 Nb8 11. Bd2 Bb7 12. c4 bxc4 13. Qa4+ Qd7 14. Qxc4
Be7 15. Qe4 f5 16. Qxf5 Qxf5 17. Bxf5 Bxd5 18. O-O O-O 19. Bg4 Nc6 20. Nc2 Bf7
21. Bd7 Nd8 22. Ne3 Ra7 23. Bg4 d5 24. Nf5 Bc5 25. Rac1 Nb7 26. b4 Bd6 27. Rc6
Bb8 28. Nxg7 Nd6 29. Ne6 Rc8 30. Rxc8+ Nxc8 31. Rc1 Nd6 32. Nd8 Nc4 33. Nxf7
Kxf7 34. Bg5 Bd6 35. Be2 Na3 36. Bh5+ Kg7 37. Rc6 Bxb4 1-0

[Event "4NCL/Div1/WGR vs. CAMB1"]
[Site "Birmingham ENG"]
[Date "2007.11.11"]
[Round "4.8"]
[White "Mycroft, Richard"]
[Black "Cumming, Rhys"]
[Result "1-0"]
[WhiteElo "2141"]
[BlackElo "1845"]
[PlyCount "45"]
[EventDate "2007.11.11"]
[EventType "team"]
[EventRounds "11"]
[EventCountry "ENG"]
[SourceDate "2007.09.15"]

1. e4 e5 2. Nf3 Nc6 3. Bc4 Nf6 4. d4 exd4 5. e5 d5 6. Bb5 Ne4 7. Nxd4 Bd7 8.
Bxc6 bxc6 9. O-O Be7 10. f3 Nc5 11. f4 f6 12. f5 O-O 13. e6 Be8 14. Qg4 h5 15.
Qh4 Ne4 16. Nd2 c5 17. Nxe4 cxd4 18. Ng3 g5 19. fxg6 Bxg6 20. Nf5 Kh7 21. Qf4
Bxf5 22. Qh6+ Kg8 23. Rxf5 1-0

[Event "4NCL/Div1/AD vs. BET"]
[Site "Birmingham ENG"]
[Date "2007.11.11"]
[Round "4.2"]
[White "Pert, Richard G"]
[Black "Davies, Nigel R"]
[Result "1/2-1/2"]
[WhiteElo "2455"]
[BlackElo "2476"]
[PlyCount "82"]
[EventDate "2007.11.11"]
[EventType "team"]
[EventCountry "ENG"]
[SourceDate "2007.09.15"]

1. d4 Nf6 2. Nf3 g6 3. Nc3 Bg7 4. e4 d6 5. Be3 O-O 6. Qd2 e5 7. Be2 exd4 8.
Nxd4 Re8 9. Bf3 Nbd7 10. O-O-O c6 11. Nb3 Ne5 12. Qxd6 Qxd6 13. Rxd6 Nc4 14.
Rdd1 Nxe3 15. fxe3 Ng4 16. Rde1 Bxc3 17. bxc3 Nf2 18. Rhf1 Nxe4 19. Bxe4 Rxe4
20. Rd1 Be6 21. Nc5 Rxe3 22. Nxe6 Rxe6 23. Rd7 Rf8 24. Rf2 f5 25. Rxb7 Rf7 26.
Rxf7 Kxf7 27. Kd2 Re4 28. Rf1 Ra4 29. Rb1 Kf6 30. Rb7 h5 31. Rc7 Rg4 32. Rxc6+
Kg5 33. g3 h4 34. c4 hxg3 35. hxg3 Rxg3 36. c5 Kf4 37. Rd6 Ke5 38. Rd8 Rh3 39.
c6 Rh7 40. Rd7 Rh8 41. Rxa7 Rc8 1/2-1/2

[Event "4NCL/Div1/AD vs. BET"]
[Site "Birmingham ENG"]
[Date "2007.11.11"]
[Round "4.4"]
[White "Ansell, Simon"]
[Black "Cernousek, Lukas"]
[Result "0-1"]
[WhiteElo "2405"]
[BlackElo "2405"]
[PlyCount "80"]
[EventDate "2007.11.11"]
[EventType "team"]
[EventCountry "ENG"]
[SourceDate "2007.09.15"]

1. Nf3 Nf6 2. g3 d5 3. Bg2 c5 4. c4 Nc6 5. cxd5 Nxd5 6. O-O e5 7. Nc3 Be6 8.
Ng5 Qxg5 9. Bxd5 Bxd5 10. Nxd5 Qd8 11. e4 Qd7 12. d3 Bd6 13. Be3 O-O 14. Rc1 b6
15. Qa4 Rad8 16. Rc3 Ne7 17. Qxd7 Rxd7 18. Nxe7+ Bxe7 19. Rd1 g6 20. g4 f5 21.
gxf5 gxf5 22. exf5 e4 23. Kg2 Rfd8 24. b3 Kf7 25. Rc4 exd3 26. Kf3 Rc8 27. Rc3
Rcd8 28. Ke4 Kf6 29. h4 Kf7 30. Rcxd3 Rxd3 31. Rxd3 Rxd3 32. Kxd3 Bxh4 33. Ke4
Kf6 34. f3 Bg3 35. Bh6 b5 36. f4 c4 37. bxc4 bxc4 38. Bg5+ Kf7 39. Kd4 h5 40.
Kxc4 h4 0-1

[Event "4NCL/Div1/AD vs. BET"]
[Site "Birmingham ENG"]
[Date "2007.11.11"]
[Round "4.5"]
[White "Jirka, Jiri"]
[Black "Webb, Laurence E"]
[Result "0-1"]
[WhiteElo "2385"]
[BlackElo "2289"]
[PlyCount "80"]
[EventDate "2007.11.11"]
[EventType "team"]
[EventCountry "ENG"]
[SourceDate "2007.09.15"]

1. d4 Nf6 2. c4 e6 3. g3 c5 4. d5 exd5 5. cxd5 b5 6. f3 d6 7. e4 a6 8. a4 b4 9.
Nd2 g6 10. Nc4 a5 11. Bf4 Ba6 12. g4 Bxc4 13. Bxc4 Qe7 14. Qe2 Nbd7 15. Bb5 Bg7
16. h4 O-O 17. h5 Ne5 18. Rd1 Rac8 19. b3 Nfd7 20. Be3 f5 21. exf5 gxf5 22. g5
f4 23. Bf2 Qxg5 24. h6 Bf6 25. Nh3 Qh5 26. Bxd7 Nxd7 27. Qe6+ Kh8 28. Qg4 Qxg4
29. fxg4 c4 30. Bd4 cxb3 31. Bxf6+ Nxf6 32. g5 Rfe8+ 33. Kf2 Ne4+ 34. Kf3 Nc3
35. Rd2 Nxa4 36. Nxf4 b2 37. Nd3 Rc3 38. Kf2 Rxd3 39. Rxd3 Nc3 40. g6 hxg6 0-1

[Event "4NCL/Div1/AD vs. BET"]
[Site "Birmingham ENG"]
[Date "2007.11.11"]
[Round "4.6"]
[White "Duncan, Christopher R"]
[Black "Snape, Ian"]
[Result "1-0"]
[WhiteElo "2288"]
[BlackElo "2229"]
[Annotator "Armstrong,Malcolm"]
[PlyCount "79"]
[EventDate "2007.11.11"]
[EventType "team"]
[EventCountry "ENG"]
[SourceDate "2007.09.15"]

1. Nf3 Nf6 2. c4 g6 3. Nc3 Bg7 4. e4 d6 5. d4 O-O 6. Be2 e5 7. O-O Nc6 8. d5
Ne7 9. b4 Nh5 10. Re1 f5 11. Ng5 Nf6 12. f3 Kh8 13. Be3 Ne8 14. c5 f4 15. Bf2
Nxd5 16. Qxd5 Qxg5 17. Rac1 Bh3 18. Bf1 c6 19. Qb3 Rf6 20. Red1 a6 21. a4 Be6
22. Bc4 Bh3 23. Bf1 Be6 24. Qb2 dxc5 25. bxc5 Rf7 26. Rd2 Rd8 27. Rcd1 Rxd2 28.
Rxd2 Qe7 29. Nb1 Qc7 30. Na3 Rd7 31. Nc4 Rxd2 32. Qxd2 Bf6 33. Qb4 Ng7 34. Nd6
Bc8 35. Bc4 h5 36. Bf7 a5 37. Qb3 Be7 38. Nxc8 Qxc8 39. Qc3 Qd7 40. Bb3 {time}
1-0

[Event "4NCL/Div1/AD vs. BET"]
[Site "Birmingham ENG"]
[Date "2007.11.11"]
[Round "4.7"]
[White "Wheeler, Darren P"]
[Black "Ledger, David J"]
[Result "0-1"]
[WhiteElo "2237"]
[BlackElo "2266"]
[PlyCount "84"]
[EventDate "2007.11.11"]
[EventType "team"]
[EventCountry "ENG"]
[SourceDate "2007.09.15"]

1. e4 e5 2. Nf3 Nc6 3. Bb5 a6 4. Bxc6 dxc6 5. O-O Qf6 6. d4 exd4 7. Qxd4 Bg4 8.
Nbd2 Be7 9. h3 Bh5 10. Qxf6 Nxf6 11. Ne5 Nd7 12. Nxd7 Kxd7 13. Nb3 Rae8 14. Bf4
b6 15. Rfe1 c5 16. c4 g5 17. Be5 Rhg8 18. g4 Bg6 19. f3 f6 20. Bg3 Bf7 21. Rac1
Kc6 22. Nd2 Bd6 23. Bxd6 Kxd6 24. Kf2 Ke5 25. h4 Rd8 26. Ke3 Rd4 27. hxg5 fxg5
28. Rh1 Rgd8 29. Nb3 Rd3+ 30. Ke2 Kf4 31. Rxh7 Re3+ 32. Kf2 Rxf3+ 33. Ke2 Bg6
34. Rxc7 Bxe4 35. Rf7+ Kxg4 36. Rg1+ Rg3 37. Rxg3+ Kxg3 38. Nd2 Re8 39. Rf6
Bc2+ 40. Kf1 Bd3+ 41. Kg1 Re1+ 42. Nf1+ Rxf1+ 0-1

[Event "4NCL/Div1/AD vs. BET"]
[Site "Birmingham ENG"]
[Date "2007.11.11"]
[Round "4.8"]
[White "Ledger, Stephen C"]
[Black "Bellin, Jana"]
[Result "1/2-1/2"]
[WhiteElo "2166"]
[BlackElo "2169"]
[PlyCount "43"]
[EventDate "2007.11.11"]
[EventType "team"]
[EventCountry "ENG"]
[SourceDate "2007.09.15"]

1. d4 c5 2. d5 e5 3. c4 Nf6 4. Nc3 d6 5. g3 Be7 6. Bg2 O-O 7. Nf3 a6 8. O-O
Nbd7 9. a4 Ne8 10. e4 g6 11. Bh6 Ng7 12. Qd2 Nf6 13. h3 Kh8 14. Nh2 Ng8 15. Be3
f5 16. f4 Nh5 17. fxe5 dxe5 18. Qe1 Nhf6 19. Nf3 Bd6 20. Nd2 Bd7 21. a5 Ne7 22.
Nb3 1/2-1/2

[Event "4NCL/Div1/BAR2 vs. SLOS1"]
[Site "Birmingham ENG"]
[Date "2007.11.11"]
[Round "4.1"]
[White "D'Costa, Lorin A R"]
[Black "Jones, Gawain C B"]
[Result "1-0"]
[WhiteElo "2395"]
[BlackElo "2567"]
[PlyCount "80"]
[EventDate "2007.11.11"]
[EventType "team"]
[EventCountry "ENG"]
[SourceDate "2007.09.15"]

1. Nf3 Nf6 2. c4 g6 3. Nc3 Bg7 4. g3 O-O 5. Bg2 d6 6. O-O e5 7. d3 Nc6 8. Rb1
a5 9. a3 Nd4 10. Nxd4 exd4 11. Nb5 Ne8 12. e3 dxe3 13. Bxe3 c6 14. Nc3 Nf6 15.
h3 Re8 16. Qb3 Nd7 17. d4 Rb8 18. Rfe1 Qb6 19. Qd1 Nf6 20. d5 Qa6 21. Rc1 cxd5
22. cxd5 b5 23. Bf1 a4 24. Na2 Qb7 25. Nb4 Bd7 26. Bg2 Rbc8 27. Bd4 Rxe1+ 28.
Qxe1 Re8 29. Qc3 Ne4 30. Bxe4 Rxe4 31. Bxg7 Rc4 32. Qf6 Rxc1+ 33. Kh2 Rf1 34.
Bh6 Rxf2+ 35. Qxf2 f5 36. Qd4 Be8 37. Qf6 Qf7 38. Qxd6 f4 39. Qxf4 Qe7 40. Qe3
Qd8 1-0

[Event "4NCL/Div1/BAR2 vs. SLOS1"]
[Site "Birmingham ENG"]
[Date "2007.11.11"]
[Round "4.2"]
[White "Rendle, Thomas E"]
[Black "Berry, Neil"]
[Result "1/2-1/2"]
[WhiteElo "2397"]
[BlackElo "2307"]
[PlyCount "65"]
[EventDate "2007.11.11"]
[EventType "team"]
[EventCountry "ENG"]
[SourceDate "2007.09.15"]

1. e4 d6 2. d4 Nf6 3. Nc3 e5 4. dxe5 dxe5 5. Qxd8+ Kxd8 6. Bc4 Bb4 7. f3 Ke7 8.
Nge2 c6 9. a3 Bd6 10. Be3 b5 11. Bb3 Be6 12. Bxe6 Kxe6 13. Nc1 Nbd7 14. Nd3 Nb6
15. b3 Nfd7 16. Ke2 a5 17. a4 b4 18. Nb1 c5 19. Nd2 c4 20. Nxc4 Nxc4 21. bxc4
Rhc8 22. Nb2 Bc5 23. Rhd1 Nb6 24. Bxc5 Rxc5 25. Rd3 Nxc4 26. Nxc4 Rxc4 27. Kd2
Rac8 28. Ra2 R8c6 29. Rb2 Ke7 30. Rd5 Rd6 31. Rxd6 Kxd6 32. Rb3 Rd4+ 33. Ke2
1/2-1/2